Una società interculturale. Aspetti sociali e istituzionali dell'immigrazione (Record n. 240703)

Dettagli MARC
000 -LEADER
campo di controllo lung. fissa 00752nas a2200241Ia 4500
001 - Numero di controllo
campo di controllo A10/R128-40140
003 - Identificatore del numero di controllo
campo di controllo IT-MiCISF
005 - Data e orario dell'ultima transazione
campo di controllo 20260415145451.0
008 - Elementi di lunghezza fissa--Informazione generale
campo di controllo lung. fissa 161014c99999999xx |||||||||||| ||und||
040 ## - Fonte della catalogazione
Agenzia catalografica originale IT-MiCISF
Agenzia che fa la trascrizione IT-MiCISF
041 ## - Codice di lingua
Codice di lingua del testo/traccia sonora o titolo separato it
100 ## - Accesso principale -- nome di persona
Nome di persona Collicelli Carla (et al.)
9 (RLIN) 62682
245 #0 - Formulazione del titolo
Titolo Una società interculturale. Aspetti sociali e istituzionali dell'immigrazione
250 ## - Formulazione di edizione
Formulazione di edizione "Censis. Note e commenti", n. 4, aprile
260 ## - Pubblicazione, distribuzione, ecc. (stampa)
Data di pubblicazione, distribuzione, ecc. 2004
300 ## - Descrizione fisica
Estensione pp. 1-65
500 ## - Nota generale
Nota generale società, famiglia-migranti, lavoro, rapporti-sociali, politiche-sociali
650 ## - Accesso aggiunto di soggetto--termine topico
Termine topico o nome geografico come accesso Società
654 ## - Accesso aggiunto di soggetto--termini topici faccettati
Termine principale rivista
700 ## - Accesso aggiunto--nome di persona
Nome di persona Italia A., Ceccarelli M., Chaloff J., Conti Nibali M.
9 (RLIN) 63638
942 ## - Dati aggiuntivi (Koha)
Tipo copia default (Koha) RIVISTA
Fonte della classificazione o dello schema di collocazione (segnatura) Dewey Decimal Classification
999 ## - Sys Number locale (Koha)
Koha Dewey Subclass [OBSOLETE] Si
Dati di copia
Ritirato (status) Perso (status) Fonte della classificazione o dello schema di collocazione (segnatura) Danneggiato (status) Non per il presito Biblioteca proprietaria Biblioteca in cui si trova Data d'acquisizione Totale prestiti Collocazione Data ultima operazione Prezzo in vigore dal Tipo copia default (Koha) Nota pubblica
    Dewey Decimal Classification Buone Condizioni Not For Loan CISF - Milano CISF - Milano 14/10/2016   A10/R128-40140 14/10/2016 14/10/2016 RIVISTA Data import 15.10.2016 / by Epidotti, Vaglietti
CREDITS: SOCIETA' SAN PAOLO Via A.Severo, 58 - ROMA (RM) & PERIODICI SAN PAOLO SRL Via Giotto, 36 MILANO & CISF Via Giotto, 36 MILANO & EDIZIONI SAN PAOLO SRL,  Piazza Soncino, 5 CINISELLO BALSAMO (MI) -- ITALY